Homosexuality and american psichiatry : the politics of diagnosis /

সংরক্ষণ করুন:
গ্রন্থ-পঞ্জীর বিবরন
প্রধান লেখক: Bayer, Ronald
বিন্যাস: গ্রন্থ
ভাষা:ইংরেজি
প্রকাশিত: New York : Basic Books, 1981
ট্যাগগুলো: ট্যাগ যুক্ত করুন
কোনো ট্যাগ নেই, প্রথমজন হিসাবে ট্যাগ করুন!

MARC

LEADER 00000nam a22000007i 4500
001 IT\ICCU\UBO\4026182
003 ItRI
005 20260115231818.0
008 130726s1981 xxu|||||| ||||| |||||c
020 |a 0465030483 
040 |b ita  |c importazione bologna sebina 
041 7 |a eng  |2 ISO-639-2 
100 1 |a Bayer, Ronald  |0 IT\ICCU\UFIV\099194 
245 1 0 |a Homosexuality and american psichiatry :  |b the politics of diagnosis /  |c Ronald Bayer. 
260 |a New York :  |b Basic Books,  |c 1981 
300 |a viii, 216 p. ;  |c 22 cm 
942 |2 ddc  |c BK  |n 0 
952 |0 0  |1 0  |4 0  |6 DOC_616_891000000000000_BAY  |7 0  |9 13270  |a BO  |b BO  |d 2026-01-15  |i 17101  |l 0  |o DOC 616.891 BAY  |p BO17101  |r 2026-01-15 23:18:18  |w 2026-01-15  |x [Sebina 7] [1 v.]  |y BK  |z 1 v. 
999 |c 11391  |d 11391